[Event "Kecskemet"]
[Site "Kecskemet"]
[Date "1993.??.??"]
[Round "13"]
[White "Stajcic, Nikola"]
[Black "Siklosi, Zoltan"]
[Result "1-0"]
[WhiteElo "2270"]
[BlackElo "2390"]

1.d4 d5 2.c4 c6 3.Nf3 Nf6 4.e3 e6 5.Nc3 Nbd7 6.Qc2 Bd6 7.Be2 O-O 8.O-O dxc4
9.Bxc4 Qe7 10.e4 e5 11.h3 exd4 12.Nxd4 Nc5 13.Re1 Re8 14.Nf3 b5 15.Bf1 Ncxe4
16.Nxe4 Nxe4 17.Qxc6 Bd7 18.Qd5 Qe6 19.Qxe6 Rxe6 20.Nd4 Bc5 21.Be3 Rb6 22.Rac1 Bb4
23.Red1 Rb7 24.g3 Re8 25.Bg2 f5 26.a3 Bf8 27.b4 a6 28.Bf4 g5 29.Bxg5 a5 30.Bd2 Ra7
31.Be1 axb4 32.axb4 Nd6 33.Nb3 Ne4 34.f3 Nd6 35.Bf2 Ra3 36.Nc5 Bc6 37.Nb3 Nc4
38.Nd4  1-0

[Event "Komotini GP"]
[Site "Komotini"]
[Date "1993.??.??"]
[Round "3"]
[White "Nenashev, Alexander"]
[Black "Thorhallsson, Throstur"]
[Result "1-0"]
[WhiteElo "2580"]
[BlackElo "2440"]

1.d4 d5 2.c4 c6 3.e3 Nf6 4.Nc3 e6 5.Nf3 Nbd7 6.Bd3 dxc4 7.Bxc4 b5 8.Bd3 a6
9.a4 Bb7 10.Qe2 Bd6 11.e4 e5 12.dxe5 Nxe5 13.Nxe5 Bxe5 14.f4 Bd4 15.e5 O-O
16.Qc2 Re8 17.Ne2 Ng4 18.Bxh7+ Kh8 19.Bf5 Qh4+ 20.g3 Bf2+ 21.Kd2 Qh5 22.Kc3 Nxe5
23.fxe5 Qf3+ 24.Qd3 Qxh1 25.g4 Qg2 26.Nf4 Qxh2 27.Qd7 Qg3+ 28.Kc2 Rxe5 29.Nd3 Rxf5
30.gxf5 Kg8 31.Bd2 Qh4 32.Qxb7 Rd8 33.Qxc6 b4 34.Bxb4 Qg4 35.Rd1 Qxf5 36.Qxa6 Be3
37.Bc3 Qf3 38.Re1 g5 39.Qf6 Qxf6 40.Bxf6 Rc8+ 41.Kb1 g4 42.Rxe3  1-0

[Event "Komotini GP"]
[Site "Komotini"]
[Date "1993.??.??"]
[Round "6"]
[White "Rajkovic, Dusan"]
[Black "Thorhallsson, Throstur"]
[Result "1-0"]
[WhiteElo "2455"]
[BlackElo "2440"]

1.d4 d5 2.Nf3 Nf6 3.c4 e6 4.Nc3 c6 5.e3 Nbd7 6.Qc2 Bd6 7.a3 O-O 8.Be2 dxc4
9.Bxc4 e5 10.O-O Qe7 11.h3 a6 12.Ba2 b5 13.Bd2 Bb7 14.b4 a5 15.bxa5 Bxa3
16.Nh4 b4 17.Nf5 Qd8 18.Nb1 c5 19.Nd6 Ba6 20.Nxa3 Bxf1 21.Kxf1 bxa3 22.dxc5 Rb8
23.Qc4 Qc7 24.Bb4 Nd5 25.Bxa3 Qxa5 26.Qxd5 Qxa3 27.Qxf7+  1-0

[Event "Komotini GP"]
[Site "Komotini"]
[Date "1993.??.??"]
[Round "7"]
[White "Oney, Feridun"]
[Black "Ayapbergenov, A."]
[Result "1/2-1/2"]
[WhiteElo "2300"]
[BlackElo "2300"]

1.c4 e6 2.Nc3 d5 3.d4 c6 4.Nf3 Nf6 5.e3 Nbd7 6.Qc2 Bd6 7.Be2 O-O 8.O-O Qe7
9.e4 dxe4 10.Nxe4 Nxe4 11.Qxe4 f5 12.Qc2 e5 13.Bg5 Qe8 14.c5 Bc7 15.dxe5 Nxe5
16.Rfe1 Nxf3+ 17.Bxf3 Qg6 18.Be7 Re8 19.Qb3+ Kh8 20.h4 h5 21.Qd1 Qf7 22.Bxh5 g6
23.Bf6+ Kh7 24.Rxe8 Qxe8 25.Bf3 Be6 26.Qd4 Bxa2 27.g3 Bf7 28.Ra3 Bd8 29.Re3 Qf8
30.Bxd8 Rxd8 31.Qf6 Re8 32.h5 Qg7 33.hxg6+ Qxg6 34.Qh4+ Qh6 35.Qxh6+  1/2-1/2

[Event "La Coruna op"]
[Site "La Coruna"]
[Date "1993.??.??"]
[Round "?"]
[White "Ziegler, Ari"]
[Black "Antunes, Antonio"]
[Result "1/2-1/2"]
[WhiteElo "2335"]
[BlackElo "2425"]

1.d4 d5 2.c4 e6 3.Nc3 c6 4.e3 Nf6 5.Nf3 Nbd7 6.Qc2 Bd6 7.Be2 O-O 8.O-O Re8
9.Rd1 Qe7 10.e4 dxe4 11.Nxe4 Nxe4 12.Qxe4 e5 13.Bg5 f6 14.Bh4 exd4 15.Qxd4 Bc5
16.Qc3 Nf8 17.a3 a5 18.Re1 a4 19.Bd3 Qf7 20.Rxe8 Qxe8 21.Re1 Qd8 22.Qc2 Bd7
23.Nd2 Qb6 24.Ne4 Bd4 25.c5 Qxb2 26.Bc4+ Kh8 27.Qd3 Bf5 28.Nd6 Bxd3 29.Nf7+ Kg8
30.Nh6+  1/2-1/2

[Event "Las Vegas op"]
[Site "Las Vegas"]
[Date "1993.??.??"]
[Round "3"]
[White "Gulko, Boris F"]
[Black "Magbanua, Reylan"]
[Result "1-0"]
[WhiteElo "2625"]
[BlackElo "2320"]

1.d4 d5 2.c4 c6 3.e3 Nf6 4.Nc3 e6 5.Nf3 Nbd7 6.Qc2 Bd6 7.Be2 O-O 8.O-O Re8
9.Rd1 Qe7 10.h3 h6 11.a3 dxc4 12.Bxc4 e5 13.Nh4 Nb6 14.Ng6 Qc7 15.Nxe5 Bxe5
16.dxe5 Qxe5 17.Bd3 Be6 18.f4 Qh5 19.e4 Bc4 20.e5 Bxd3 21.Qxd3 Nfd5 22.Ne4 f6
23.Nd6 fxe5 24.Nxe8 Rxe8 25.fxe5 Nc4 26.Re1 Rxe5 27.Bxh6 Qh4 28.Bd2 Nxb2
29.Qf3 Qd4+ 30.Kh2 Nd3 31.Rf1 c5 32.Rab1 b6 33.Qf7+ Kh7 34.Rf5 Rxf5 35.Qxf5+ Kg8
36.Rf1 Nf6 37.Bg5 Nd7 38.Qe6+ Kh7 39.Rf5 N3e5 40.Bf4 Nf3+ 41.Kg3  1-0

[Event "Leeuwarden op"]
[Site "Leeuwarden"]
[Date "1993.??.??"]
[Round "4"]
[White "Strating, Sybolt"]
[Black "Kupreichik, Viktor D"]
[Result "0-1"]
[WhiteElo "2355"]
[BlackElo "2535"]

1.d4 Nf6 2.c4 e6 3.Nf3 d5 4.Nc3 c6 5.e3 Nbd7 6.Bd3 dxc4 7.Bxc4 b5 8.Bd3 a6
9.e4 c5 10.e5 cxd4 11.Nxb5 Ng4 12.Nd6+ Bxd6 13.exd6 Bb7 14.O-O Qb6 15.Bf4 Rd8
16.Re1 Qxb2 17.Bg3 Bxf3 18.gxf3 Ngf6 19.Bxa6 O-O 20.a4 Qb6 21.Bb5 e5 22.f4 e4
23.f5 d3 24.Bxd7 Rxd7 25.a5 Qc5 26.a6 Qxf5 27.Qa4 h5 28.Qc6 Qg4 29.h3 Qxh3
30.Rxe4 Nxe4 31.Qxe4 h4 32.Qxh4 Qxh4 33.Bxh4 d2 34.Bg5 Rxd6 35.Rd1 Rg6  0-1

[Event "Lenk op"]
[Site "Lenk"]
[Date "1993.??.??"]
[Round "3"]
[White "Bischoff, Klaus"]
[Black "Trabert, Bettina"]
[Result "1/2-1/2"]
[WhiteElo "2505"]
[BlackElo "2180"]

1.d4 d5 2.c4 e6 3.Nc3 c6 4.e3 Nf6 5.Nf3 Nbd7 6.Qc2 Bd6 7.Be2 O-O 8.b3 dxc4
9.bxc4 e5 10.O-O Re8 11.Rd1 e4 12.Nd2 Qe7 13.a4 Nf8 14.Nf1 h5 15.Qa2 h4 16.Ba3 h3
17.Bxd6 Qxd6 18.g3 N8h7 19.Nd2 Ng5 20.Rdb1 Ng4 21.Rb3 Qf6 22.Rf1 Qf5 23.Qc2 Re7
24.Qd1 Nf6 25.Qc2 Ng4 26.Bd1 b6 27.Ne2 c5 28.d5 Bd7 29.Ra3 Qf6 30.Nf4 Ne5
31.Be2 Bg4 32.Bxg4 Nxg4 33.Rb1  1/2-1/2

[Event "Lenk op"]
[Site "Lenk"]
[Date "1993.??.??"]
[Round "6"]
[White "Bischoff, Klaus"]
[Black "Barbero, Gerardo F"]
[Result "1-0"]
[WhiteElo "2505"]
[BlackElo "2510"]

1.d4 d5 2.c4 c6 3.Nc3 Nf6 4.e3 e6 5.Nf3 Nbd7 6.Qc2 Bd6 7.b3 O-O 8.Be2 Re8
9.O-O dxc4 10.bxc4 e5 11.Rd1 Qe7 12.Rb1 e4 13.Nd2 Nf8 14.c5 Bc7 15.Nc4 Nd5
16.Ba3 Nxc3 17.Qxc3 Qh4 18.Nd6 Bxd6 19.cxd6 Nd7 20.d5 Nf6 21.dxc6 bxc6 22.Qxc6 Bd7
23.Qa6 Ng4 24.Bxg4 Bxg4 25.Rdc1 Rad8 26.Rc7 h5 27.Re7 Qg5 28.Qc6 Bf3 29.Rxe8+ Kh7
30.g3 Qg4 31.Kf1 Be2+ 32.Ke1 Bd3 33.Rb2 Qh3 34.Rxd8 Qf1+ 35.Kd2 Qxf2+ 36.Kc3 Qf6+
37.Kb3 Qxd8 38.Bb4  1-0

[Event "Leon"]
[Site "Leon"]
[Date "1993.??.??"]
[Round "2"]
[White "Karpov, Anatoly"]
[Black "Morovic Fernandez, Ivan"]
[Result "1/2-1/2"]
[WhiteElo "2725"]
[BlackElo "2570"]

1.d4 d5 2.c4 c6 3.Nc3 Nf6 4.e3 e6 5.Nf3 Nbd7 6.Qc2 Bd6 7.Be2 O-O 8.O-O Re8
9.b3 Qe7 10.Rd1 b6 11.e4 dxe4 12.Nxe4 Nxe4 13.Qxe4 Bb7 14.Ne5 Nf6 15.Qe3 c5
16.Bb2 Rad8 17.Bf3 cxd4 18.Bxd4 Bxf3 19.Qxf3 Qc7 20.Nc6 Rd7 21.Bxf6 gxf6
22.Nxa7 Red8 23.Nb5 Bxh2+ 24.Kh1 Qf4 25.Rxd7 Rxd7 26.Qxf4 Bxf4 27.g3 Be5
28.Rg1 f5 29.Re1 Bf6 30.Re2 Kf8 31.Kg2 Ke7 32.Rc2 Kd8 33.b4 Be7 34.a3 Rd3
35.Kf1 Kc8 36.Ke2 Rb3 37.Rd2 h5 38.f3 f4 39.gxf4 h4 40.Kf2 Rb1 41.Rc2 Rb3
42.Re2 Kd7 43.Rd2+ Kc8 44.Kg2 Bf8 45.Rd4 Be7 46.f5 Rb2+ 47.Kh3 Rb3 48.Kg2 Rb2+
49.Kh3 Rb3 50.Kg4 exf5+ 51.Kf4 h3 52.Rd2 Bf8 53.Rh2 Rxa3 54.Rxh3 Ra8 55.Rh8 Kb7
56.Rh7 Rc8 57.Rxf7+ Kb8 58.Ke5 Bxb4 59.Kd5 Rf8 60.Rxf8+ Bxf8 61.Nd4 Kb7 62.Nxf5 Kc7
63.Nd4 Kd7 64.Nc6 Bg7 65.Ne5+ Ke7 66.Ng4 Bc3 67.Nf2 Kd7 68.Ne4 Bb2 69.Nd6 Bg7
70.Nf7 Bc3 71.Ne5+ Ke7 72.Ng4 Kd7 73.f4 Ke7 74.f5 Bb2 75.Ne3 Kd7 76.Nd1 Bg7
77.Nf2 Bc3 78.Nd3 Kc7 79.Nf4 Kd7 80.Ne6 Bb2 81.Nf8+ Ke7 82.Ng6+ Kd7 83.Ne5+ Ke7
84.Ng4 Bc3 85.f6+ Kf7 86.Kc6 Bd4 87.Kd6 Bc3  1/2-1/2

[Event "Leon"]
[Site "Leon"]
[Date "1993.??.??"]
[Round "4"]
[White "Vyzmanavin, Alexey"]
[Black "Morovic Fernandez, Ivan"]
[Result "1/2-1/2"]
[WhiteElo "2620"]
[BlackElo "2570"]

1.d4 d5 2.c4 c6 3.e3 Nf6 4.Nc3 e6 5.Nf3 Nbd7 6.Bd3 dxc4 7.Bxc4 b5 8.Bd3 Bb7
9.a3 b4 10.Ne4 Nxe4 11.Bxe4 Qc7 12.Qc2 bxa3 13.bxa3 h6 14.Bd2 Bd6 15.Bb4 O-O
16.Bxd6 Qxd6 17.Nd2 Rab8 18.O-O c5 19.Bxb7  1/2-1/2

[Event "Liechtenstein op"]
[Site "Liechtenstein"]
[Date "1993.??.??"]
[Round "5"]
[White "Foisor, Ovidiu"]
[Black "Trabert, Bettina"]
[Result "1-0"]
[WhiteElo "2425"]
[BlackElo "2180"]

1.c4 c6 2.Nf3 d5 3.e3 Nf6 4.Nc3 e6 5.d4 Nbd7 6.Qc2 Bd6 7.Be2 O-O 8.O-O dxc4
9.Bxc4 e5 10.h3 Qe7 11.a3 Bc7 12.Ba2 h6 13.Nh4 Re8 14.Nf5 Qf8 15.Bd2 a5 16.dxe5 Nxe5
17.f4 Bxf5 18.Qxf5 Ned7 19.e4 Qc5+ 20.Qxc5 Nxc5 21.e5 Nfd7 22.Rad1 Bb6 23.Be3 Rad8
24.Kh2 Kf8 25.Bf2 a4 26.Rd4 Ra8 27.Bg3 Re7 28.Rfd1 Nb8 29.f5 Re8 30.Rg4 Rd8
31.f6 gxf6 32.exf6 Rd7 33.Rg7 Nd3 34.Ne4 Na6 35.Bd6+ Rxd6 36.Nxd6 Ne5 37.Nxf7 Bc7
38.g3 Nc5 39.Nxe5 Bxe5 40.Rg8+  1-0

[Event "Liechtenstein op"]
[Site "Liechtenstein"]
[Date "1993.??.??"]
[Round "7"]
[White "Baburin, Alexander"]
[Black "Skomorokhin, Roman"]
[Result "1-0"]
[WhiteElo "2530"]
[BlackElo "2460"]

1.d4 d5 2.c4 e6 3.Nc3 c6 4.e3 Nf6 5.Nf3 Nbd7 6.Qc2 Bd6 7.Be2 O-O 8.O-O Re8
9.b3 b6 10.Bb2 Bb7 11.e4 dxe4 12.Nxe4 Nxe4 13.Qxe4 Qc7 14.Bd3 Nf8 15.Qg4 f5
16.Qh5 c5 17.dxc5 bxc5 18.Rae1 g6 19.Qg5 Bxf3 20.Qf6 Bxh2+ 21.Kh1 e5 22.Kxh2 Nd7
23.Qh4 e4+ 24.Kh1 Bh5 25.Bb1 Ne5 26.Qf4 Qe7 27.f3 Rad8 28.fxe4 Ng4 29.Qg3 f4
30.Rxf4 Rf8 31.Ref1 Rxf4 32.Rxf4 Qh4+ 33.Kg1 g5  1-0

[Event "Linares m"]
[Site "Linares"]
[Date "1993.??.??"]
[Round "1"]
[White "Ljubojevic, Ljubomir"]
[Black "Illescas Cordoba, Miguel"]
[Result "1/2-1/2"]
[WhiteElo "2595"]
[BlackElo "2625"]

1.d4 Nf6 2.c4 c6 3.Nc3 d5 4.Nf3 e6 5.e3 Nbd7 6.Qc2 Bd6 7.Be2 O-O 8.O-O Re8
9.Rd1 Qe7 10.a3 h6 11.h3 b6 12.e4 Nxe4 13.Nxe4 dxe4 14.Qxe4 Bb7 15.Bf4 Bxf4
16.Qxf4 Rab8 17.Qc7 c5 18.dxc5 Nxc5 19.Qxe7 Rxe7 20.b4 Ne4 21.Rac1 e5 22.Nh2 f5
23.Nf1 f4 24.Bf3 Nf6 25.Bxb7 Rbxb7 26.c5 bxc5 27.Rxc5 e4 28.Rf5 e3 29.fxe3 fxe3
30.Re1 e2 31.Ng3 Ne4 32.Nxe4 Rxe4 33.Kf2 Rbe7 34.Rf3  1/2-1/2

[Event "Linares NL"]
[Site "Linares"]
[Date "1993.??.??"]
[Round "5"]
[White "Hergott, Deen"]
[Black "Vera, Reynaldo"]
[Result "1/2-1/2"]
[WhiteElo "2450"]
[BlackElo "2515"]

1.Nf3 d5 2.d4 Nf6 3.c4 e6 4.Nc3 c6 5.e3 Nbd7 6.Qc2 Bd6 7.Be2 O-O 8.O-O Qe7
9.Rd1 Re8 10.b3 b6 11.e4 dxe4 12.Nxe4 Nxe4 13.Qxe4 Bb7 14.Bf4 Bxf4 15.Qxf4 e5
16.dxe5 Nxe5 17.Nxe5 Qxe5 18.Qxe5 Rxe5 19.Bf3 Rae8 20.g3 Kf8 21.Rd2 Re1+
22.Rxe1 Rxe1+ 23.Kg2 Ke7 24.c5 Re5 25.cxb6 axb6 26.b4 Re6 27.h4 Ba6 28.a4 Rd6
29.Rc2 Kd7 30.Rc3 g6 31.g4 h6 32.g5 hxg5 33.hxg5 Bb7 34.b5 Kc7 35.bxc6 Bxc6
36.Bxc6 Rxc6 37.Rf3 Kd8 38.Rxf7 Ke8 39.Ra7 Rc4 40.Kf3 Kf8 41.Ke3 Rb4 42.Kd3 b5
43.a5 Ra4 44.Ra6 Kg7 45.f3 Kh7 46.Ra7+ Kh8 47.a6 Kg8 48.f4 Kf8 49.Ke3 Kg8
50.Kf3 Kf8 51.f5 gxf5 52.g6 Kg8 53.Ke3 Re4+ 54.Kf2 Rf4+ 55.Ke2 Re4+ 56.Kf3 Ra4
57.Ra8+ Kg7 58.a7 b4 59.Kf4 b3+ 60.Kxf5 b2 61.Rb8  1/2-1/2

[Event "SWE-ch"]
[Site "Lindesberg"]
[Date "1993.??.??"]
[Round "6"]
[White "Eriksson, Anders"]
[Black "Ernst, Thomas"]
[Result "0-1"]
[WhiteElo "2355"]
[BlackElo "2480"]

1.c4 e6 2.d4 Nf6 3.Nf3 d5 4.Nc3 c6 5.e3 Nbd7 6.Qc2 Bd6 7.b3 O-O 8.Be2 Qe7
9.O-O Re8 10.Rd1 dxc4 11.bxc4 e5 12.dxe5 Nxe5 13.Nd4 Ng6 14.Nf5 Bxf5 15.Qxf5 Rad8
16.Rb1 Be5 17.Bb2 Rxd1+ 18.Rxd1 Rd8 19.Rxd8+ Qxd8 20.Qc2 Qb6 21.Bc1 Nf8 22.g3 N8d7
23.Na4 Qb4 24.Bd2 Qe7 25.f4 Bd6 26.Bf3 Bb4 27.e4 Bxd2 28.Qxd2 Qa3 29.e5 Qxf3
30.exf6 Nf8 31.fxg7 Ne6 32.Nc3 Kxg7 33.Ne2 Qe4 34.Qc3+ f6 35.Kf2 Nc5 36.Nc1 Qh1
37.Qe3 Ne4+ 38.Ke2 Qxh2+ 39.Kd3 f5 40.Qd4+ Kg6 41.Ne2 Nxg3 42.Qd6+ Kh5 43.Nd4 Ne4  0-1

[Event "SWE-ch"]
[Site "Lindesberg"]
[Date "1993.??.??"]
[Round "12"]
[White "Johansson, Jan"]
[Black "Ornstein, Axel"]
[Result "1-0"]
[WhiteElo "2395"]
[BlackElo "2440"]

1.d4 Nf6 2.c4 e6 3.Nf3 d5 4.Nc3 c6 5.e3 Nbd7 6.Qc2 Bd6 7.Bd2 O-O 8.O-O-O a6
9.e4 dxe4 10.Nxe4 Nxe4 11.Qxe4 Re8 12.Bd3 f5 13.Qe2 c5 14.Bc3 b5 15.Bc2 Bb7
16.cxb5 axb5 17.Qxb5 Qc8 18.d5 Rxa2 19.Bb3 Ra1+ 20.Kc2 Ba6 21.Qc6 Rxd1 22.Rxd1 c4
23.Ba4  1-0

[Event "Linz"]
[Site "Linz"]
[Date "1993.??.??"]
[Round "9"]
[White "Portisch, Ferenc"]
[Black "Honfi, Karoly"]
[Result "1/2-1/2"]
[WhiteElo "2400"]
[BlackElo "2350"]

1.d4 d5 2.c4 e6 3.Nc3 Nf6 4.Nf3 c6 5.e3 Nbd7 6.Qc2 Bb4 7.Bd3 O-O 8.O-O a6
9.b3 Re8 10.Bb2 h6 11.Rad1 Qe7 12.h3 Bd6 13.e4 dxe4 14.Nxe4 Nxe4 15.Bxe4 Nf6
16.Bd3 b5 17.Rfe1 Bb7 18.c5 Bc7 19.Ne5  1/2-1/2

[Event "Lippstadt"]
[Site "Lippstadt"]
[Date "1993.??.??"]
[Round "?"]
[White "Chabanon, Jean Luc"]
[Black "Lau, Ralf"]
[Result "0-1"]
[WhiteElo "2425"]
[BlackElo "2530"]

1.d4 d5 2.c4 e6 3.Nc3 c6 4.e3 Nf6 5.Nf3 Nbd7 6.Qc2 Bd6 7.Be2 O-O 8.O-O Re8
9.Rd1 Qe7 10.h3 h6 11.a3 Rb8 12.b4 dxc4 13.Bxc4 e5 14.Nh4 Nf8 15.Nf5 Bxf5
16.Qxf5 b5 17.Bf1 e4 18.h4 Ng6 19.h5 Nh4 20.Qh3 Nxh5 21.Be2 Qg5 22.d5 Nf6
23.dxc6 Bc7 24.Bb2 Re5 25.Rd4 Rbe8 26.Qg3 a6 27.a4 bxa4 28.Rxa4 Qxg3 29.fxg3 Nf5
30.Rxa6 Nxg3 31.Ra7 R5e7 32.Bc4 Nf5 33.Rxc7 Rxc7 34.b5 Nxe3 35.Bb3 Nf5 36.Rd1 e3
37.Ba4 e2 38.Re1 Nd4 39.Nd5 Nxd5 40.Bxd4 Re4  0-1

[Event "Lisboa zt"]
[Site "Lisboa"]
[Date "1993.??.??"]
[Round "3"]
[White "Arlandi, Ennio"]
[Black "Godena, Michele"]
[Result "1/2-1/2"]
[WhiteElo "2460"]
[BlackElo "2485"]

1.d4 d5 2.c4 e6 3.Nc3 c6 4.e3 Nf6 5.Nf3 Nbd7 6.Qc2 Bd6 7.Be2 O-O 8.O-O Re8
9.Rd1 Qe7 10.h3 b6 11.e4 Nxe4 12.Nxe4 dxe4 13.Qxe4 Bb7 14.Bf4 Bxf4 15.Qxf4 c5
16.Qc7 Rab8 17.dxc5 Nxc5 18.Qxe7 Rxe7 19.b4 Ne4 20.Rac1 e5 21.Nd2 Nxd2 22.Rxd2 Rc7
23.Rcd1 Kf8 24.Rd7 Rbc8 25.Bg4 g6 26.R1d2 Bc6 27.R7d6 f5 28.Bd1 Be8 29.Bb3  1/2-1/2

[Event "Ljubljana op"]
[Site "Ljubljana"]
[Date "1993.??.??"]
[Round "?"]
[White "Krasevec, Anton"]
[Black "Misanovic, Vesna"]
[Result "0-1"]
[WhiteElo "2175"]
[BlackElo "2360"]

1.d4 d5 2.c4 c6 3.Nc3 Nf6 4.Nf3 e6 5.e3 Nbd7 6.cxd5 exd5 7.Bd3 Bd6 8.O-O O-O
9.Re1 Re8 10.Qc2 h6 11.h3 Nf8 12.Bd2 Be6 13.Rac1 N8d7 14.Kh1 Rc8 15.a3 c5
16.dxc5 Nxc5 17.Qb1 Nxd3 18.Qxd3 Qd7 19.Qf1 Bb8 20.Nb5 Ne4 21.Nbd4 Bg3 22.Qb5 Nxf2+
23.Kg1 Bxh3 24.Re2 Qxb5 25.Nxb5 Bd7 26.Nc3 Nd3 27.Rb1 Bf5 28.Nd4 Bg6 29.Rf1 Nxb2
30.Rf3 Be5 31.Ref2 Nc4 32.Nxd5 Be4  0-1

[Event "Ljubljana op"]
[Site "Ljubljana"]
[Date "1993.??.??"]
[Round "?"]
[White "Slak, Marjan"]
[Black "Zorman, Vojko"]
[Result "1/2-1/2"]
[WhiteElo "2220"]
[BlackElo "2325"]

1.d4 d5 2.c4 c6 3.Nc3 Nf6 4.Nf3 e6 5.e3 a6 6.Bd3 b5 7.cxb5 cxb5 8.Ne5 Nbd7
9.f4 Bb7 10.O-O Be7 11.Bd2 O-O 12.Be1 Rc8 13.Bh4 Ne4 14.Bxe7 Qxe7 15.Nxe4 dxe4
16.Nxd7 Qxd7 17.Be2 Rc7 18.Qd2 Rfc8 19.Rfc1 Qd6 20.a3 f6 21.Bg4 Bd5 22.b4 Rxc1+
23.Rxc1 Rxc1+ 24.Qxc1 Bc4 25.Qc2 Qd5 26.Qc3 h6 27.h3 g5 28.fxg5 hxg5 29.Qe1 f5
30.Bh5 f4 31.Qf2 e5 32.dxe5 Qxe5 33.Qd2 Bd3 34.Qc1 Bc4 35.Qd2 Bd3  1/2-1/2

[Event "Ljubljana op"]
[Site "Ljubljana"]
[Date "1993.??.??"]
[Round "?"]
[White "Jelen, Igor"]
[Black "Marinsek, Tomaz"]
[Result "1-0"]
[WhiteElo "2325"]
[BlackElo "2210"]

1.d4 d5 2.c4 c6 3.Nc3 Nf6 4.e3 e6 5.Nf3 Nbd7 6.Bd3 Bd6 7.O-O O-O 8.e4 dxc4
9.Bxc4 e5 10.dxe5 Nxe5 11.Nxe5 Bxe5 12.Qe2 Re8 13.Bd3 Bg4 14.f3 Bh5 15.g4 Bg6
16.g5 Nd5 17.Nxd5 cxd5 18.Bb5 Re6 19.Be3 dxe4 20.Rad1 Rd6 21.f4 Bd4 22.Rxd4 Rxd4
23.f5 Bxf5 24.Rxf5 Rd5 25.Rf1 Rc8 26.Bc4 Rd7 27.b3 a6 28.a4 Qe7 29.Rxf7 Qxf7
30.Bxf7+ Rxf7 31.Qg4 Re8 32.g6 hxg6 33.Qxg6 Re5 34.h4 Rf6 35.Qg4 Ree6 36.Bg5  1-0

[Event "London Lloyds"]
[Site "London"]
[Date "1993.??.??"]
[Round "8"]
[White "Sadler, Matthew"]
[Black "Flear, Glenn C"]
[Result "1/2-1/2"]
[WhiteElo "2535"]
[BlackElo "2500"]

1.d4 d5 2.c4 e6 3.Nc3 c6 4.e3 Nf6 5.Nf3 Nbd7 6.Qc2 Bd6 7.e4 Nxe4 8.Nxe4 dxe4
9.Qxe4 c5 10.Bg5 Be7 11.Bxe7 Qa5+ 12.Nd2 Kxe7 13.O-O-O cxd4 14.Nf3 Nf6 15.Qxd4 Rd8
16.Qxd8+ Qxd8 17.Rxd8 Kxd8 18.Ne5 Ke7 19.g3 Nd7 20.Nd3 b6 21.Bg2 Rb8 22.Kc2 Bb7
23.Bxb7 Rxb7 24.b4 Rc7 25.Kc3 Kf6 26.a4  1/2-1/2

[Event "Lublin"]
[Site "Lublin"]
[Date "1993.??.??"]
[Round "?"]
[White "Dokhoian, Yury"]
[Black "Murdzia, Piotr"]
[Result "1-0"]
[WhiteElo "2510"]
[BlackElo "2365"]

1.d4 d5 2.c4 c6 3.Nc3 Nf6 4.e3 e6 5.Nf3 Nbd7 6.Bd3 Bd6 7.O-O O-O 8.e4 dxc4
9.Bxc4 e5 10.Bg5 Qe7 11.Re1 Nb6 12.Bd3 Bg4 13.h3 Bxf3 14.Qxf3 h6 15.Bh4 Nbd7
16.d5 c5 17.Nd1 g6 18.Bb5 g5 19.Ne3 Rfd8 20.Nf5 Qf8 21.Bg3 a6 22.Bxd7 Rxd7
23.Rac1 Rc7 24.h4 Re8 25.Rc3 b6 26.Bh2 Kh8 27.Qe2 a5 28.hxg5 hxg5 29.Rh3+ Kg8
30.Rh6  1-0

[Event "Lublin"]
[Site "Lublin"]
[Date "1993.??.??"]
[Round "?"]
[White "Rausis, Igors"]
[Black "Murdzia, Piotr"]
[Result "1/2-1/2"]
[WhiteElo "2560"]
[BlackElo "2365"]

1.d4 d5 2.c4 c6 3.Nf3 Nf6 4.e3 e6 5.Nc3 Nbd7 6.Bd3 Bd6 7.O-O O-O 8.e4 dxc4
9.Bxc4 e5 10.Bb3 exd4 11.Nxd4 Nc5 12.Bc2 Re8 13.Nf5 Bxf5 14.exf5 Qc7 15.g3 Rad8
16.Qf3 Be5 17.Rb1 a5 18.h4 Qb6 19.a3 Nb3 20.Be3 Nd4 21.Bxd4 Rxd4 22.Rfe1 Rd2
23.Re2 Rxe2 24.Nxe2 Rd8 25.b4 Rd2 26.bxa5 Qa6 27.Rd1 Rxd1+ 28.Bxd1 Qxa5 29.Bb3 Qd2
30.Kg2 Bd6 31.a4 Bc5 32.Nf4 Kf8 33.Nh3 h6 34.g4 Qd4 35.g5 Ng4 36.g6 Ne5 37.Qf4 fxg6
38.fxg6+ Ke7 39.Qf5 Qg4+ 40.Qxg4 Nxg4 41.Nf4 Kf6 42.Bf7 Bf8 43.Ne6 Be7 44.Nc7 Bf8
45.f4 Ne3+ 46.Kf3 Nf5 47.h5 Nd6 48.Ba2 Be7 49.Ne6 Nf5 50.Bc4 Nd6 51.Bb3 Nf5
52.Ba2 Bb4 53.Nd8 Nd6 54.Kg4 Ba5 55.Ne6 Bb6 56.Nf8 Ke7 57.Ne6 Kf6 58.Ng5 Bd4
59.Nf7 Nxf7 60.gxf7 Ke7 61.Kf5 Bc3 62.Kg6 Kf8 63.Bc4 b5 64.axb5 cxb5 65.Bxb5 Bd4
66.Bc4 Bc3 67.f5 Bd4 68.Kh7 Bf6 69.Be6 Bc3 70.Bd5 Bd4  1/2-1/2

[Event "Lublin"]
[Site "Lublin"]
[Date "1993.??.??"]
[Round "?"]
[White "Solozhenkin, Evgeniy"]
[Black "Kishnev, Sergey"]
[Result "1/2-1/2"]
[WhiteElo "2480"]
[BlackElo "2510"]

1.d4 Nf6 2.c4 e6 3.Nf3 d5 4.Nc3 c6 5.e3 Nbd7 6.Qc2 Bd6 7.Be2 O-O 8.O-O Re8
9.Rd1 Qe7 10.h3 h6 11.a3 dxc4 12.Bxc4 e5 13.Nh4 Nf8 14.Nf5 Bxf5 15.Qxf5 e4
16.h4 g6 17.Qh3 N8d7 18.Be2 Nb6 19.h5 Nbd5 20.hxg6 fxg6 21.Nxd5 cxd5 22.Bd2 Kf7
23.Rdc1 Qe6 24.Bb4 Qxh3 25.gxh3 Ke6 26.Bxd6 Kxd6 27.Rc5 Nd7 28.Rb5 b6 29.a4 h5
30.Rb3 Rec8 31.a5 Rc2 32.Bd1 Rd2 33.Kf1 Rf8 34.Be2 Rc8 35.axb6 axb6 36.Rd1 Rdc2
37.Ke1 Ra8 38.Rb1 Rac8 39.Bd1 Rc1 40.Rxc1 Rxc1 41.Kd2 Ra1 42.Rc3 Ra2 43.Rc2 Nf6
44.Be2 Ng8 45.Bd1 Ne7 46.b4 Ra1 47.Rc1 Rxc1 48.Kxc1 Nc6 49.b5 Na7 50.Be2 Ke6
51.Kd2 Nc8 52.Ke1 Nd6 53.Kf1 Kf6 54.Kg2 Kg5 55.Kg3 Nf5+ 56.Kg2 Kf6 57.Bd1 Ke7
58.Be2 Ke6 59.Bd1 Kf6 60.Be2 Kg5 61.Bd1 Kf6 62.Be2  1/2-1/2

[Event "Lublin"]
[Site "Lublin"]
[Date "1993.??.??"]
[Round "?"]
[White "Dokhoian, Yury"]
[Black "Sokolovs, Andrei"]
[Result "1/2-1/2"]
[WhiteElo "2510"]
[BlackElo "2480"]

1.d4 d5 2.c4 c6 3.Nc3 Nf6 4.e3 e6 5.Nf3 Nbd7 6.Bd3 dxc4 7.Bxc4 b5 8.Bd3 Bb7
9.a3 b4 10.Ne4 Nxe4 11.Bxe4 Nf6 12.Bd3 Qb6 13.Ne5 Be7 14.axb4 Bxb4+ 15.Bd2 Bxd2+
16.Qxd2 c5 17.dxc5 Qxc5 18.Ra5 Qe7 19.Bb5+ Kf8 20.Nc6 Bxc6 21.Bxc6 Rc8 22.Bf3 g6
23.O-O Kg7 24.b4 Rhd8 25.Qb2 Rb8 26.b5 Rdc8 27.Qa1 Rc7 28.Qe5 Qc5 29.Qxc5 Rxc5
30.Bc6 Nd5 31.Rxa7 Nc3 32.Ra5 Nxb5 33.Bd7 Rd5 34.Bc6 Rc5  1/2-1/2

[Event "Lublin"]
[Site "Lublin"]
[Date "1993.??.??"]
[Round "?"]
[White "Kishnev, Sergey"]
[Black "Murdzia, Piotr"]
[Result "1/2-1/2"]
[WhiteElo "2510"]
[BlackElo "2365"]

1.d4 d5 2.c4 c6 3.Nc3 Nf6 4.e3 e6 5.Nf3 Nbd7 6.Bd3 Bd6 7.O-O O-O 8.e4 dxc4
9.Bxc4 e5 10.Bg5 Qe7 11.Qe2 exd4 12.Nxd4 Ne5 13.Bb3 h6 14.Bf4 Re8 15.Rad1 Bg4
16.f3 Bd7 17.g4 g5 18.Bg3 Rad8 19.h4 Ng6 20.Bxd6 Qxd6 21.hxg5 hxg5 22.Nf5 Qc5+
23.Qf2 Qxf2+ 24.Kxf2 Bxf5 25.gxf5 Nf4 26.Rh1 Rxd1 27.Rxd1 Kg7 28.Rd6 Re7
29.Ke3 Nd7 30.Na4 f6 31.a3 b5 32.Nc3 Ne5 33.a4 a6 34.a5 Rd7 35.Rxd7+ Nxd7
36.Na2 Nc5 37.Bc2 Nb7 38.b4 c5 39.bxc5 Nxc5 40.Nb4 Nb7 41.Nc6 Kf8 42.Kd4 Ne2+
43.Ke3 Nf4 44.Bd3 Ke8 45.Bf1 Nc5 46.Kd4 Nb3+ 47.Kc3 Nc5 48.Kd4  1/2-1/2

[Event "Lublin-B"]
[Site "Lublin"]
[Date "1993.??.??"]
[Round "7"]
[White "Maksimenko, Andrei"]
[Black "Bierenbroodspot, Paul"]
[Result "1/2-1/2"]
[WhiteElo "2435"]
[BlackElo "2280"]

1.d4 d5 2.c4 c6 3.Nc3 Nf6 4.e3 e6 5.Nf3 Nbd7 6.Qc2 Bd6 7.b3 O-O 8.Be2 Qe7
9.O-O b6 10.Bb2 Bb7 11.Rad1 Rac8 12.e4 dxe4 13.Nxe4 Nxe4 14.Qxe4 f5 15.Qb1 Rcd8
16.Bc3 c5  1/2-1/2

[Event "POL-chT"]
[Site "Lubniewice"]
[Date "1993.??.??"]
[Round "?"]
[White "Wojtkiewicz, Aleksander"]
[Black "Urban, Klaudiusz"]
[Result "1/2-1/2"]
[WhiteElo "2570"]
[BlackElo "2440"]

1.Nf3 d5 2.d4 Nf6 3.c4 c6 4.Nc3 e6 5.e3 Nbd7 6.Qc2 Bd6 7.g4 dxc4 8.Bxc4 b5
9.Bd3 Bb7 10.g5 Nh5 11.Ne4 Be7 12.Bd2 g6 13.Ke2 O-O 14.b4 Re8 15.a4 Bf8 16.axb5 cxb5
17.Bxb5 a6 18.Bd3 e5 19.dxe5 Nxe5 20.Nxe5 Rxe5 21.Bc3 Re6 22.Rhd1 Qc7 23.Rac1 Rae8
24.Ng3 Qf4 25.Nxh5 Qg4+ 26.Ke1 Qxh5 27.Qd2 Qxh2  1/2-1/2

[Event "Wch Team"]
[Site "Luzern"]
[Date "1993.??.??"]
[Round "4"]
[White "Hjartarson, Johann"]
[Black "Akopian, Vladimir"]
[Result "0-1"]
[WhiteElo "2605"]
[BlackElo "2600"]

1.d4 d5 2.c4 c6 3.Nc3 Nf6 4.Nf3 e6 5.e3 Nbd7 6.Bd3 dxc4 7.Bxc4 b5 8.Bd3 Bb7
9.e4 b4 10.Na4 c5 11.e5 Nd5 12.O-O cxd4 13.Re1 g6 14.Bd2 Bg7 15.Bb5 a6 16.Nc5 axb5
17.Nxb7 Qb6 18.Nd6+ Ke7 19.Bg5+ Kf8 20.Rc1 h6 21.Bh4 Nxe5 22.Nxe5 Qxd6 23.Rc6 Qxe5
24.Rxe5 Bxe5 25.Qe2 Bg7 26.Qxb5 Kg8 27.Qc4 Kh7 28.h3 Ra7 29.Ra6 Rc7 30.Qb3 Rhc8
31.Bg3 Rc1+ 32.Kh2 Rf1 33.Qf3 Rcc1 34.Bd6 Rc2 35.Bg3 Rcc1 36.Bd6 h5 37.Kg3 Ne3
38.Qxf7 Nf5+ 39.Kf3 d3 40.Ra8 Nh6  0-1